Metro Manila Map Quiz - Statistics

General Stats
  • This quiz has been taken 1,531 times
  • The average score is 11 of 17
Answers on the Map
Answers color-coded by a green-red scale on the quiz's map according to % correct below.
 
Answer Stats
Answer % Correct
Manila City
82%
Quezon City
82%
Caloocan City
75%
Pasig City
69%
Marikina City
67%
Navotas City
67%
Makati City
65%
Pasay City
65%
Malabon City
64%
Valenzuela City
63%
Mandaluyong City
58%
San Juan City
58%
Taguig City
57%
Municipality of Pateros
56%
Las Piñas City
53%
Parañaque City
52%
Muntinlupa City
51%
No matching quizzes found
Score Distribution
Percent of People with Each Score
Percentile by Number Answered
Your Score History
You have not taken this quiz